Clark Ashton Smith : letters to H. P. Lovecraft /

Bibliographic Details
Main Author: Smith, Clark Ashton, 1893-1961
Other Authors: Lovecraft, H. P. (Howard Phillips), 1890-1937, Behrends, Steve, 1959-
Format: Book
Language:English
Published: West Warwick, Rhode Island : Necronomicon Press, 1987.

MARC

Tag First Indicator Second Indicator Subfields
LEADER 00000cam a2200000 a 4500
001 in00000034125
005 20151007055215.0
008 871203s1987 riu b 00010 eng d
035 |a (OCoLC)17166040 
035 |9 AAB7575AM 
040 |a GZM  |c GZM  |d TXA  |d UtOrBLW 
049 |a TXAM  |c [A11646387] 
050 4 |a PR6037.M335  |b Z5 1987 
100 1 |a Smith, Clark Ashton,  |d 1893-1961. 
245 1 0 |a Clark Ashton Smith :  |b letters to H. P. Lovecraft /  |c edited by Steve Behrends. 
264 1 |a West Warwick, Rhode Island :  |b Necronomicon Press,  |c 1987. 
300 |a viii, 68 pages ;  |c 22 cm. 
336 |a text  |b txt  |2 rdacontent 
337 |a unmediated  |b n  |2 rdamedia 
338 |a volume  |b nc  |2 rdacarrier 
504 |a Includes bibliographical references. 
700 1 |a Lovecraft, H. P.  |q (Howard Phillips),  |d 1890-1937. 
700 1 |a Behrends, Steve,  |d 1959- 
999 |a MARS 
999 f f |s e3d33097-6de1-3d11-9152-278452ad417a  |i 90edfde3-c833-36f9-8fc3-70529872d8ee  |t 0 
952 f f |p normal  |a Texas A&M University  |b College Station  |c Sterling C. Evans Library  |d Evans: Library Stacks  |t 0  |e PR6037.M335 Z5 1987  |h Library of Congress classification  |i unmediated -- volume  |m A14811646387 
998 f f |a PR6037.M335 Z5 1987  |t 0  |l Evans: Library Stacks